000 00461nam a2200133 a 4500
008 120416s1970 ||||||||||||||||| || u
050 _aHF 5721 Mor
100 _aMorgan, David H
245 1 0 _aEffective business letters
260 _aSidney
_bMcGraw-Hill
_c1970
300 _aviii, 202p. : ill
350 _a0.00
995 _D0.00
_FCBU-MAIN LIBRARY (Kitwe)
_H1
_I0.00
_M1
_UDAMAGED
_ZMain Library Open Access Collection
999 _c41257
_d41257